[Event "Barranquilla Region-ch"]
[Site "Barranquilla"]
[Date "2020.01.04"]
[Round "1"]
[White "Gallardo, Osvaldo"]
[Black "Torres Rodriguez, Diego"]
[Result "1-0"]
[WhiteElo "1720"]
[BlackElo "1277"]
[PlyCount "31"]
[EventDate "2020.01.04"]
[EventType "swiss"]
[EventRounds "6"]
[EventCountry "COL"]
[SourceTitle "CBM 194 Extra"]
[Source "ChessBase"]
[SourceDate "2020.03.31"]
[SourceVersion "1"]
[SourceVersionDate "2020.03.31"]
[SourceQuality "1"]

1. d4 e5 2. d5 c6 3. e4 cxd5 4. exd5 Bd6 5. c4 Nf6 6. Nc3 0-0 7. Bd3 Be7 8. Nf3 e4 9. Nxe4 Nxe4 10. Bxe4 b6 11. Qc2 Bb7 12. Bxh7+ Kh8 13. Qf5 b5 14. Qh3 bxc4 15. Bg6+ Kg8 16. Qh7# 1-0